000 00477pab a2200169 454500
008 180718b2009 xxu||||| |||| 00| 0 eng d
100 _aRinzin, Chhewang
245 _aNature conservation and human well-being in Bhutan: an assessment of local community perceptions
260 _c2009
300 _ap.177-202.
362 _aJun
650 _aBuddhism
650 _aNature conservation
773 _aJournal of Environment and Development
908 _aN
909 _a85138
999 _c85138
_d85138